Welcome to CU Library Online Public Access Catalogue (OPAC)

Research methods for construction / (Record no. 8285)

MARC details
000 -LEADER
fixed length control field 00780cam a2200205 i 4500
001 - CONTROL NUMBER
control field 18513837
005 - DATE AND TIME OF LATEST TRANSACTION
control field 20251121103105.0
008 - FIXED-LENGTH DATA ELEMENTS--GENERAL INFORMATION
fixed length control field 150303s2015 enk b 001 0 eng
020 ## - INTERNATIONAL STANDARD BOOK NUMBER
International Standard Book Number 9781118915745
Qualifying information pbk.
050 00 - LIBRARY OF CONGRESS CALL NUMBER
Classification number TH213.5
Item number .F45 2015
082 00 - DEWEY DECIMAL CLASSIFICATION NUMBER
Classification number 624.072
Edition information 23
100 1# - MAIN ENTRY--PERSONAL NAME
Personal name Fellows, Richard,
Dates associated with a name 1948-
245 10 - TITLE STATEMENT
Title Research methods for construction /
Statement of responsibility, etc. Richard Fellows, School of Civil and Building Engineering, Loughborough University, UK, Anita Liu, Department of Real Estate and Construction, The University of Hong Kongk Hongkong.
250 ## - EDITION STATEMENT
Edition statement Fouth edition.
260 ## - PUBLICATION, DISTRIBUTION, ETC.
Place of publication, distribution, etc. United Kingdom
Name of publisher, distributor, etc. Wiley Blackwell
Date of publication, distribution, etc. 2015
300 ## - PHYSICAL DESCRIPTION
Extent viv, 302 pages ;
Dimensions 25 cm
650 #0 - SUBJECT ADDED ENTRY--TOPICAL TERM
Topical term or geographic name entry element Building
General subdivision Research
-- Methodology.
700 1# - ADDED ENTRY--PERSONAL NAME
Personal name Liu, Anita,
Relator term author.
942 ## - ADDED ENTRY ELEMENTS (KOHA)
Source of classification or shelving scheme Library of Congress Classification
Koha item type Books
Edition 4th ed.
Suppress in OPAC No
999 ## -
-- 8285
-- 8285
Holdings
Withdrawn status Lost status Source of classification or shelving scheme Damaged status Not for loan Collection Home library Current library Shelving location Date acquired Total checkouts Full call number Barcode Date last seen Copy number Price effective from Koha item type
    Library of Congress Classification     Non-fiction Science Library (Miotso) Science Library (Miotso) General stacks 11/21/2025   TH213.5 .F45 FEL SLM00005881 11/21/2025 1 11/21/2025 Books
© 2023-2024 Copyright: Central University Libraries. All Rights Reserved | Created by: Mahone Tech Office